| 000 -LEADER |
| fixed length control field |
00719nam a22001337a 4500 |
| 040 ## - CATALOGING SOURCE |
| Transcribing agency |
RUA |
| 082 ## - DEWEY DECIMAL CLASSIFICATION NUMBER |
| Classification number |
AGR CHH 2013 B1.222 Or. |
| 100 ## - MAIN ENTRY--AUTHOR NAME |
| Personal name |
chhun ra,ឈុន រ៉ា |
| 245 ## - TITLE STATEMENT |
| Title |
occurrence of plant-parasitic nematodes on different rice varieties in tramk ok district,takeo province,វត្តមានចំនួនណេម៉ាតូតបរារិតទៅលើពូជស្រូវខុសៗគ្នាក្នុងលក្ខខណ្ឌស្រុកត្រាំកក់ខេត្តកែវ |
| 260 ## - PUBLICATION, DISTRIBUTION, ETC. (IMPRINT) |
| Place of publication |
pnnom penh |
| Name of publisher |
rua |
| Year of publication |
2013 |
| 300 ## - PHYSICAL DESCRIPTION |
| Number of Pages |
iv;36p; |
| Other physical details |
ill; |
| Dimensions |
29cm; |
| 856 ## - ELECTRONIC LOCATION AND ACCESS |
| Uniform Resource Identifier |
https://drive.google.com/file/d/1WPQklRhgUmMBdYPqa1lHjt-Qouwjr__t/view?usp=sharing |
| 942 ## - ADDED ENTRY ELEMENTS (KOHA) |
| Koha item type |
AGR |
| 952 ## - LOCATION AND ITEM INFORMATION (KOHA) |
| Withdrawn status [LOCAL, KOHA] |
0 |
| 952 ## - LOCATION AND ITEM INFORMATION (KOHA) |
| Withdrawn status [LOCAL, KOHA] |
0 |